| 000 | 00868cam a22002771 4500 | ||
|---|---|---|---|
| 999 |
_c126280 _d126280 |
||
| 001 | 1286682 | ||
| 003 | ARRUPE | ||
| 005 | 20170313120837.0 | ||
| 008 | 801009s1970 fr ac b 000 0bfre | ||
| 010 | _a 75598244 | ||
| 015 | _aF*** | ||
| 040 |
_aDLC _cDLC _dDLC |
||
| 050 | 0 | 0 |
_aBF173.J85 _bC2 |
| 100 |
_aStorr, Athnony _929341 |
||
| 245 | 0 | 0 |
_aC. G. Jung: _cAnthony Storr |
| 260 |
_aNew York _bThe Vikings Press _c1973. |
||
| 300 |
_a116 p. _billus., ports. _c19 cm. |
||
| 350 | _a7.00F | ||
| 500 | _aCover title. | ||
| 500 | _a"Ce numéro ... a été réalisé par Marc de Smedt." | ||
| 504 | _aBibliography: p. 132. | ||
| 600 | 1 | 0 |
_aJung, C. G. _q(Carl Gustav), _d1875-1961. _97016 |
| 700 | 1 |
_aSmedt, Marc de, _d1946- _eed. _929342 |
|
| 906 |
_a7 _bcbc _corignew _du _encip _f19 _gy-gencatlg |
||
| 942 |
_2lcc _cMONOGRAPH |
||